000 00705nam a2200289Ia 4500
005 20260324134410.0
008 008 260324s9999 xx 000 0 eng d
020 _a9781315023144
037 _aEBOOK
040 _aCRL
040 _beng
040 _cCRL
041 _2eng
041 _aeng
084 _qCRL
100 _aSonya Michel; Rianne Mahon
_91196665
245 0 _aChild Care Policy at the Crossroads
245 0 _bGender and Welfare State Restructuring
260 _bTaylor and Francis
260 _c2002
365 _a
365 _b300
856 _uhttp://www.taylorfrancis.com/books/9781315023144
942 _cEBOOK
999 _c1796730
_d1796730